Movie Taglines by Genre Quiz Stats

Quiz Updated Nov 14, 2015

Also try: Movie Taglines
Challenge
Share
Tweet
Embed
Score 0/36 Timer 07:00
4 Plays Today
% Correct
Mary Poppins
87.5%
The Hangover
82.8%
Dumb & Dumber
82.7%
Willy Wonka & the Chocolate Factory
81.6%
The Godfather
81.1%
The Social Network
76.3%
A League of Their Own
68.2%
The Fly (1986)
67.8%
Happy Gilmore
66.6%
Saving Private Ryan
66.1%
The Matrix
65.4%
Scream
63.4%
Pearl Harbor
58.3%
Dirty Dancing
58.1%
Jumanji
57.4%
A Nightmare on Elm Street
55.9%
Fargo
55.9%
American Pie
54.4%
% Correct
Erin Brockovich
52.1%
Shallow Hal
49.3%
10 Things I Hate About You
49.2%
The King's Speech
45.5%
Home Alone
44%
The Pianist
41.9%
The Karate Kid
40.3%
The 40-Year-Old Virgin
40.3%
Child's Play
39%
Full Metal Jacket
37.8%
Amadeus
37%
Final Destination
37%
Remember the Titans
34.7%
Edge of Tomorrow
33.5%
The Graduate
31.5%
Looper
26.5%
The Town
22.4%
The Boondock Saints
18.9%

You're not logged in!

Compare scores with friends on all Sporcle quizzes.
Join for Free
OR
Log In

You Might Also Like...

Show Comments

Extras

Top Quizzes Today


Score Distribution

Your Account Isn't Verified!

In order to create a playlist on Sporcle, you need to verify the email address you used during registration. Go to your Sporcle Settings to finish the process.

Report this User

Report this user for behavior that violates our Community Guidelines.

Details: